Normal view
MARC view
- Benginners Guide TO C# 2005 Wite.Net 3.0
Entry Topical Term
001 - CONTROL NUMBER
- control field: 257
003 - CONTROL NUMBER IDENTIFIER
- control field: JO-AjAnu
005 - DATE AND TIME OF LATEST TRANSACTION
- control field: 20230606070338.0
008 - FIXED-LENGTH DATA ELEMENTS
- fixed length control field: 230606|| aca||aabn | a|a d
040 ## - CATALOGING SOURCE
- Original cataloging agency: JO-AjAnu
- Transcribing agency: JO-AjAnu
150 ## - HEADING--TOPICAL TERM
- Topical term or geographic name entry element: Benginners Guide TO C# 2005 Wite.Net 3.0
670 ## - SOURCE DATA FOUND
- Source citation: Work cat.: (JO-AjAnu)134: Sahoo.Gagan, author 256, Benginners Guide TO C# 2005 Wite.Net 3.0